Регионална библиотека "Любен Каравелов" - Русе

Е, и какво? (Запис номер 175679)

MARC детайли
000 -Лидер
Контролно поле с фиксирана дължина 01260nam a2200325 c 4500
003 - Код на организацията, давaща контролен номер
Контролно поле BLK
005 - Дата и час на последна редакция
Контролно поле 20180420235636.0
008 - Елементи от данни с фиксирана дължина
fixed length control field 180411b bul|||||r ||||||| ||bul||
010 ## - Наследен системен номер
LC control number KNG00184273000
040 ## - Източник на каталожния запис
Идентификатор на билиотеката - собственик на записа BLK
041 ## - Код за език
Код за езика на текст/звукозапис или на отделно заглавие Български
Код за езика КДБФ Български
080 ## - УДК
Текстов определител УДК Математика
УДК код - определител по УДК 51
УДК определител
УДК - код + определител 51
100 1# - Редна дума - Автор
Автор Хургин, Яков Исаевич
Авторска отговорност първи автор
R(LIN) 138698
139 ## - Редно поле
Редна дума Хургин, Яков Исаевич
Авторски знак Хун - Х 95
245 10 - Сведения за заглавието
Заглавие Е, и какво?
Подзаглавни данни Разговор на математика с различни специалисти
Редно поле (дума) Яков Исаевич Хургин; прев. от рус. Екатерина Арнаудова.
257 ## - Страна на издаване
Страна на създаване/издаване Русия
260 ## - Област на издателските данни
-- София
Име на издателя, разпространителя и проч. Техника
Година на издаване 1971
300 ## - Физическа характеристика
Страници 308 с.
Илюстрации и др. с ил.
Размери/Мащаб 20 см
380 ## - Жанр
Жанр Естествени науки. Математика
650 #4 - Допълнително описание по предмет – тема
Основно описание – тема или топоним Математика, приложна
9 (RLIN) 274195
650 #4 - Допълнително описание по предмет – тема
Основно описание – тема или топоним Математическа статистика
9 (RLIN) 250866
653 ## - Ключова дума – ненормативна
Ключова дума приложна математика
653 ## - Ключова дума – ненормативна
Ключова дума статистика
700 1# - Други автори (авторска отговорност)
Лично име Арнаудова, Екатерина
Автороска отговорност (Описва отношението между автора и произведението) прев. от рус.
9 (RLIN) 320218
852 ## - Местоположение
Форматна сигнатура Цб 57270
856 4# - Електронен адрес и достъп
Електронен формат pdf - файл
Път до файла /url/
856 4# - Електронен адрес и достъп
Електронен формат pdf - файл
Път до файла /url/
942 ## - АРТИКУЛИ
Вид на библиотечния материал Книги
Скрит в OPAC Не
944 ## - СЪЗДАВАНЕ И РЕДАКЦИЯ на ЗАПИСА
Създаване/Редакция Създаване
Дата на регистрацията/редакция 29.10.2015
Служител, извършил регистрацията/редакцията Валя_Йорданова
944 ## - СЪЗДАВАНЕ И РЕДАКЦИЯ на ЗАПИСА
Създаване/Редакция Редакция
Дата на регистрацията/редакция 08.09.2017
Служител, извършил регистрацията/редакцията Ренета_Константинова
999 ## - СИСТЕМНИ КОНТРОЛНИ НОМЕРА
Koha biblionumber 175679
Koha biblioitemnumber 175679
Наличности
Код за отписване Код за изгубен артикул Източник на класификационната схема Код за повреда Коз за рестрикции Код за отдаване Артикулен № Име на библиотеката - собственик Име на библиотеката, в която се намира в момента Статус (Текущо местоположение) Дата на вписване в системата Местоположение - отдел Цена в лева Инвентарен номер Систематично азбучна сигнатура Баркод Номер на екземпляра Цена в евро Служебна бележка Служебен тип на артикула Бележка за публиката
  Не е изгубен Universal Decimal Classification Не е повреден без рестрикции ползва се в читалня 302445 Регионална библиотека "Любен Каравелов" Русе Регионална библиотека "Любен Каравелов" Русе Хранилище 1971-01-01 Хранилище 1.02 90274 Цб 57270 120000090274 1 0.52 Дост: Dp Вид: Д N: Сф Дата: 01.01.1971 Книги  
Изтеглен Не е изгубен Universal Decimal Classification Не е повреден без рестрикции заемане за дома 302446 Регионална библиотека "Любен Каравелов" Русе Регионална библиотека "Любен Каравелов" Русе Заемна - подръчен фонд 1971-01-01 Заемна - подръчен фонд 1.02 130861 П 51/Х 95 130861 2 0.52 N: Сф Дата: 01.01.1971 Книги  
Изтеглен Не е изгубен   Не е повреден без рестрикции заемане за дома 302447 Регионална библиотека "Любен Каравелов" Русе Регионална библиотека "Любен Каравелов" Русе   1971-01-01 Заемна - подръчен фонд 1.02 111267 П 51/Х 95 111267 3 0.52 N: Сф Дата: 01.01.1971 Книги Отч.N: 24/2018 , Дата: 26.03.2018
Изтеглен Не е изгубен   Не е повреден без рестрикции заемане за дома 302448 Регионална библиотека "Любен Каравелов" Русе Регионална библиотека "Любен Каравелов" Русе   1971-01-01 Детски отдел 1.02 91819 ДН 51/Х 95 91819 4 0.52 N: Сф Дата: 01.01.1971 Дата инв: 29.10.2015 Бележки инв: Д2015 Книги Отч.N: 43/17 , Дата: 08.09.2017
Vip Innovations Ltd, Rousse, Bulgaria 2025